Datum a čas kvízu
23.5
Celkem bodů
Celkový počet nahraných bodů na tomto kvízu bez doplňovacích otázek.
6.
Pořadí na kvízu
Konečné umístění týmu na tomto kvízu.
Zaznamenané odpovědi
| # | Otázka | Odpověď | Body | Výsledky |
|---|---|---|---|---|
| 1. | Že vánoční punk není mrtvý, má... | Bruntál | 1 | |
| 2. | Premiér jisté země byl minulý... | o Izraeli | 0 | |
| 3. | Festival Anifilm se po 18 lete... | Liberec | 1 | |
| 4. | Lety britského nízkonákladovéh... | EasyJet | 0 | |
| 5. | Trenérská legenda José Mourinh... | Tottenham (Hotspur) | 1 | |
| 6. | Toto téma minulý týden zvítězi... | Vídeň, 1996 | 0 | |
| 7. | Nespočet hlášek má na svém kon... | vycházky | 0 | |
| 8. | Televize Nova a sportovní přen... | Václav Tittelbach, Pavel Poulíček | 1 | |
| 9. | Autorem mnoha legendárních hlá... | Nemecký/Německý | 0 | |
| 10. | Tento finský komentář vítěznéh... | 71 m (uznáváme tedy 68–74) | 0 |